Clic Qui chantait ? 1 chanson -> 1 interprète (15) - Statistiques

Statistiques générales
  • Ce quiz a été pris 96 fois
  • Le résultat moyen est 12 sur 25
Statistiques - réponses
Hint Réponse % Correct
J't'emmène au vent Louise Attaque
89%
Besoin de rien, envie de toi Peter et Sloane
87%
Sensualité Axelle Red
86%
Vois sur ton chemin Les Choristes
82%
L'oiseau et l'enfant Marie Myriam
81%
L'hymne de nos campagnes Tryo
76%
Jeune et con Damien Saez
66%
Machistador M
65%
À fleur de toi Vitaa
60%
Fallait pas commencer Lio
48%
La grande Zoa Régine
48%
Toi mon toit Elli Medeiros
46%
Paulette la reine des paupiettes Les Charlots
41%
Elle danse Marie François Valéry
39%
Zobi la mouche Les Négresses Vertes
39%
Trop de bla bla Princess Erika
37%
Macao Le Grand Orchestre du Splendid
33%
Brigitte Bardot Dario Moreno
30%
Prendre l'air Shy'm
29%
Papa pingouin Sophie & Magaly
29%
N'avoue jamais Guy Mardel
27%
L'amour est un bouquet de violettes Luis Mariano
22%
Je sais pas danser Pomme
20%
Scandale dans la famille Les Surfs
19%
Si je devais manquer de toi Jean-Louis Murat
17%
Aucun quiz correspondant
Distribution des résultats
% des personnes avec chaque résultat
Percentile par nombre de réponses
Votre historique - résultats
Vous n’avez pas pris ce quiz